Random Knowledge Quiz #63 - Statistics

General Stats
  • This quiz has been taken 149 times
  • The average score is 10 of 15
Answer Stats
Question Answer % Correct
What year did World War I start? 1914
93%
Which fictional character steals from the rich and gives to the poor? Robin Hood
93%
Which character has been played by, for example, Mark Hamill, Joaquin Phoenix, Heath Ledger, and Jack Nicholson? Joker
88%
What do Red Bull commercials claim that the drink gives you? Wings
84%
What color is the little engine in the children's book "The Little Engine That Could"? Blue
83%
In Legally Blonde, where does Elle Woods go to law school? Harvard
76%
According to a song, what are "girl's best friend"? Diamonds
74%
Which English queen is the state of Virginia named after? Queen Elizabeth I
68%
A buck, or male deer, is also called a what? A stag
63%
Which astronomer gave his name to a telescope that was launched into space in 1990? Edwin Hubble
62%
The countries that were part of Yugoslavia are: Croatia, Slovenia, Macedonia, Bosnia and Herzegovina, Montenegro, Serbia, and... what? Kosovo
58%
What is the capital of Bavaria? Munich
55%
What event, organized by Vogue, is held annually on the first Monday of May? Met Gala
53%
Finish this quote by Margaret Thatcher: "No woman in my time will be..." Prime minister or chancellor or foreign secretary - not the top jobs.
23%
In what country can you find The Atlantic Ocean Road? Norway
12%
No matching quizzes found
Score Distribution
Percent of People with Each Score
Percentile by Number Answered
Your Score History
You have not taken this quiz